| 000 | 00513nmm a2200157Ia 4500 | ||
|---|---|---|---|
| 008 | 251105s9999||||xx |||||||||||||||||und|| | ||
| 041 | _aspa | ||
| 100 | _aAguirre Lipperheide, Mercedes | ||
| 245 | 0 |
_aConocer y alimentar el cerebro de nuestros hijos : _b Claves para un óptimo aprendizaje y comportamiento |
|
| 264 |
_a[Madrid, España] : _bOctaedro, _c2015 |
||
| 300 | _a248 páginas | ||
| 490 | _aCon vivencias | ||
| 650 | _aFamily | ||
| 856 | _uhttps://public.digitaliapublishing.com/a/39208 | ||
| 942 | _cCF | ||
| 999 |
_c98909 _d98909 |
||